MARC

LEADER 00000nam^a2200000^a^4500
001 000273267
005 20250521000000.0
008 080324 20162007
009 20260310111125.897
020 |a 978-968-5087-91-9 
020 |a 970-35-0758-1 
037 |a Acervo ITESO - Biblioteca 
041 |a ESP 
082 |a 306. 4  |b INT V. 18 
100 |a Giménez, Gilberto  |e (autor) 
245 1 0 |a Estudios sobre la cultura y las identidades sociales /  |c G. Giménez ; presen. de J.A. Mac Gregor Campuzano ; pról. de R. Pozas Horcasitas. 
264 4 |a Guadalajara, México :  |b ITESO ;  |a México :  |b CONACULTA,  |c 2016, c2007 
300 |a 478 p. 
336 |a texto  |b txt  |2 rdacontenido 
337 |a sin mediación  |b n  |2 rdamedio 
338 |a volumen  |b nc  |2 rdasoporte 
440 1 |a (Intersecciones CONACULTA ;  |v 18) 
521 |a 2019 BO Licenciatura en Ciencias de la Comunicación 
521 |a 2019 BO Licenciatura en Comunicación y Artes Audiovisuales 
521 |a 2019 BO Licenciatura en Periodismo y Comunicación Pública 
521 |a 2019 BO Licenciatura en Publicidad y Comunicación Estratégica 
649 |a XX 
650 |a Globalización 
650 |a Relaciones Interculturales -  |z México-EUA 
650 |a Región -  |x Aspectos Sociales y Culturales 
650 |a Identidad Cultural -  |x Tema Principal 
650 |a Cultura -  |x Investigación -  |x Metodología 
650 |a Cultura -  |z México -  |x Investigación 
650 |a Cultura Política 
650 |a Cultura Urbana 
650 |a Industria Cultural 
650 |a Valoración Patrimonial e Histórica 
650 |a Política Cultural 
650 |a Poesía Amorosa -  |z México -  |x Historia -  |y Porfirismo, 1876-1911 
650 |a Literatura Popular -  |z México -  |x Historia -  |y Porfirismo, 1876-1911 
650 |a Literatura Mexicana -  |x Historia y Crítica 
650 |a Narcocorridos -  |z México -  |x Historia y Crítica 
650 |a Corridos (Música) -  |z México -  |x Historia y Crítica 
650 |a Música Popular -  |z México -  |x Historia y Crítica 
650 |a Música Mexicana -  |x Historia y Crítica 
700 |a Mac Gregor Campuzano, José Antonio  |e (presentación) 
700 |a Pozas Horcasitas, Ricardo  |e (prólogo) 
910 |a Fondo General 
920 |a Impresos - Libros 
930 |a Colección General 
905 |a 101 
901 |a 0500158935  |b IT1  |c ACC  |u 20250521 
901 |a 0500319806  |b IT1  |c ACC  |u 20250521 
901 |a 0500158910  |b IT1  |c ACC  |u 20250521 
901 |a 0500290063  |b IT1  |c ACC  |i C155224  |u 20250521 
901 |a 0500318803  |b IT1  |c ACC  |i C164281  |u 20250521 
901 |a 0500326337  |b IT1  |c ACC  |i D106260  |u 20250521 
901 |a 0500326321  |b IT1  |c ACC  |i C170672  |u 20250521 
902 |a https://opac.biblio.iteso.mx/vufind/Record/000273267